[Event "Maastricht Limburg op 3rd"]
[Site "Maastricht"]
[Date "2009.06.01"]
[Round "6"]
[White "Richter, Goetz"]
[Black "Ranucci, Marcello"]
[Result "0-1"]
[WhiteElo "2064"]
[BlackElo "1950"]
[PlyCount "22"]
[EventDate "2009.05.29"]
[EventType "swiss"]
[EventRounds "7"]
[EventCountry "NED"]
[SourceTitle "CBM 130 Extra"]
[Source "ChessBase"]
[SourceDate "2009.07.02"]
[SourceVersion "2"]
[SourceVersionDate "2009.07.15"]
[SourceQuality "1"]

1. e4 e5 2. Nf3 Nc6 3. d4 exd4 4. Nxd4 Bc5 5. Nxc6 Qf6 6. Qd2 dxc6 7. Bd3 Be6 8. 0-0 0-0-0 9. Nc3 h5 10. Na4 Bd6 11. f4 Qd4+ 0-1